|
|
|
|
| LEADER |
00819cam a2200205 7i4500 |
| 001 |
0000045263 |
| 005 |
20170218090000.0 |
| 020 |
|
|
|a 9789810857172 (pbk.)
|
| 090 |
0 |
0 |
|a N7433.8
|b .B68 2010
|
| 245 |
0 |
4 |
|a The book of computer arts inspiration :
|b 192 pages of the world's very best digital art, design and illustration to fule your creativity
|c editor, Tom Dennis.
|
| 250 |
|
|
|a Asian ed.
|
| 260 |
|
|
|a Bain Street, Singapore:
|b Basheer Graphic Books,
|c 2010.
|
| 300 |
|
|
|a 193 p.:
|b ill. col.;
|c 30 cm.
|
| 650 |
0 |
0 |
|a Art and technology
|
| 650 |
0 |
0 |
|a Digital art
|
| 700 |
1 |
|
|a Dennis, Tom
|
| 997 |
|
|
|a Communication, Visual Art & Computing, Faculty
|b Visual Art, Department
|
| 998 |
|
|
|a Digital Graphic Design, Degree
|
| 998 |
|
|
|a Digital Graphic Design, Diploma
|
| 999 |
|
|
|a 0000052337
|b BOK
|c OPEN SHELF
|e 1st Floor, Bestari Jaya
|